000 00292nam a22001337a 4500
008 181017b xxu||||| |||| 00| 0 eng d
020 _a0409901113
041 _aeng
080 _a610
100 _a6
101 _aANE
245 _aNear Misses in Anesthesia
_cLewis,J.M
942 _2udc
_cBK
999 _c50048
_d50048